000
00317nam a2200121Ia 4500
008
150201s2009 xx 000 0 und d
082
_a
616
_b
H06G
100
_a
GANDY,JOAN W
245
_a
OXFORD HAND BOOK OF NUTRITION AND DIETETICS
260
_b
OXFORD
_a
NEW YORK
_c
2009
650
_a
COMMUNITY MEDICINE
942
_2
ddc
_c
BK
999
_c
802
_d
802